000 00649nam a2200241Ia 4500
003 OSt
005 20220924122545.0
006 a|||||r|||| 00| 0
007 ta
008 220923b |||||||| |||| 00| 0 urd d
020 _c3.75
024 _a314061
037 _cTextual
040 _aARTS
_cARTS
_burd
041 _2urd
_aurd
082 _aO168,1MJ0x, L3
100 _aJosh Nawab Ahmad Khan
_9189908
245 0 _aChamnistan-e-Josh
260 _aLuckhnow
_bMunshi Naval Kishore India
_c1973
650 _aURDU POETRY
942 _hO168,1MJ0x, L3
_cTEXL
_2CC
999 _c412120
_d412120